banner-ar

التصوير المغولى الاسلامى فى الهند / (Record no. 37688)

MARC details
000 -الفاتح
حقل البيانات ثابتة الطول 00721nam a2200229Ia 4500
008 - عناصر البيانات ثابتة الطول - معلومات عامة
حقل البيانات ثابتة الطول 140319s9999 xx 000 0 ara d
040 ## - مصدر الفهرسة
وكالة الفهرسة الأصلية GCL /
وكالة النسخ GCL
082 04 - رقم تصنيف ديوى العشرى
رقم التصنيف 709.1
رقم المادة ث ت
100 1# - المدخل الرئيسى - إسم شخصى
الإسم الشخصى ثروت عكاشة
245 10 - بيان العنوان
العنوان التصوير المغولى الاسلامى فى الهند /
بيان المسئوليه,etc ثروت عكاشة
300 ## - الوصف المادى
التعداد 176 ص
490 ## - بيان السلسلة
عنوان السلسلة تاربخ الفن: العين تسمع والاذن ترى
رقم المجلد/ التعيين التسلسلي 0
650 04 - المدخل الاضافى بالموضوع-مصطلح موضوعى
مصطلح موضوعي الاسلام فى الهند
650 04 - المدخل الاضافى بالموضوع-مصطلح موضوعى
مصطلح موضوعي الاثار الاسلامية
650 04 - المدخل الاضافى بالموضوع-مصطلح موضوعى
مصطلح موضوعي الهند
650 04 - المدخل الاضافى بالموضوع-مصطلح موضوعى
مصطلح موضوعي التصوير
650 04 - المدخل الاضافى بالموضوع-مصطلح موضوعى
مصطلح موضوعي المغول
650 04 - المدخل الاضافى بالموضوع-مصطلح موضوعى
مصطلح موضوعي محمد بابر (1526 - 1530م)
650 04 - المدخل الاضافى بالموضوع-مصطلح موضوعى
مصطلح موضوعي الفن الاسلامى
942 ## - عناصر المدخل الإضافي( كوها)
مصدر التصنيف او مخطط الترفيف Dewey Decimal Classification
Koha [default] item type كتاب
Holdings
حالة التراجع حالة الفقد حالة تلف ليس للاعارة المكان المؤقت الموقع الحالى تاريخ الاكتساب اجمالي اﻻعارات رقم الطلب الباركود تاريخ اخر مشاهدة تاريخ تفعيل السعر نوع وعاء كوها
        مكتبة القاهرة الكبرى مكتبة القاهرة الكبرى 03/26/2014   709.1\ث ت 92029 03/26/2014 03/26/2014 كتاب
        مكتبة القاهرة الكبرى مكتبة القاهرة الكبرى 03/26/2014   709.1\ث ت 92030 03/26/2014 03/26/2014 كتاب
        مكتبة القاهرة الكبرى مكتبة القاهرة الكبرى 03/26/2014   709.1\ث ت 92031 03/26/2014 03/26/2014 كتاب
        مكتبة القاهرة الكبرى مكتبة القاهرة الكبرى 03/26/2014   709.1\ث ت 92032 03/26/2014 03/26/2014 كتاب
        مكتبة القاهرة الكبرى مكتبة القاهرة الكبرى 03/26/2014   709.1\ث ت 92033 03/26/2014 03/26/2014 كتاب

Powered By

EGPV